Online
Catalog

Propuesta de estrategia nacional de desarrollo 2010-2030. (Record no. 38028)

MARC details
000 -CABECERA
campo de control de longitud fija 01076nam a2200241 a 4500
001 - NÚMERO DE CONTROL
campo de control 000038538
005 - FECHA Y HORA DE LA ÚLTIMA TRANSACCIÓN
campo de control 20250219170734.0
008 - DATOS DE LONGITUD FIJA--INFORMACIÓN GENERAL
campo de control de longitud fija 110316s2012 dr r 000 0 spa d
040 ## - FUENTE DE LA CATALOGACIÓN
Centro catalogador/agencia de origen DO-SdBNP
Lengua de catalogación spa
Centro/agencia transcriptor BNPHU
082 ## - NÚMERO DE LA CLASIFICACIÓN DECIMAL DEWEY
Número de clasificación 338.97293
Número de documento/Ítem P965e
245 00 - MENCIÓN DE TÍTULO
Título Propuesta de estrategia nacional de desarrollo 2010-2030.
260 ## - PUBLICACIÓN, DISTRIBUCIÓN, ETC.
Lugar de publicación, distribución, etc. Santo Domingo :
Nombre del editor, distribuidor, etc. Ministerio de Economía, Planificación y Desarrollo,
Fecha de publicación, distribución, etc. 2012.
300 ## - DESCRIPCIÓN FÍSICA
Extensión 2v. ;
Dimensiones 29 cm.
500 ## - NOTA GENERAL
Nota general Incluye referencias bibliográficas y notas al pie de las páginas
500 ## - NOTA GENERAL
Nota general A la cabeza de la portada : Estudios y documentos de base
504 ## - NOTA DE BIBLIOGRAFÍA, ETC.
Nota de bibliografía, etc. Incluye bibliografía al final de los capítulos
590 ## - NOTA LOCAL (RLIN)
Nota local Inventariado, 2018/BT
651 #4 - PUNTO DE ACCESO ADICIONAL DE MATERIA--NOMBRE GEOGRÁFICO
Nombre geográfico República Dominicana
Subdivisión general Política Económica
Subdivisión cronológica 2010-2030
9 (RLIN) 53415
651 #4 - PUNTO DE ACCESO ADICIONAL DE MATERIA--NOMBRE GEOGRÁFICO
Nombre geográfico República Dominicana
Subdivisión general Condiciones Económicas
Subdivisión cronológica 2010-2030
9 (RLIN) 53416
651 #4 - PUNTO DE ACCESO ADICIONAL DE MATERIA--NOMBRE GEOGRÁFICO
Nombre geográfico República Dominicana
Subdivisión general Condiciones Sociales
Subdivisión cronológica 2010-2030
9 (RLIN) 53417
710 12 - PUNTO DE ACCESO ADICIONAL--NOMBRE DE ENTIDAD CORPORATIVA
Nombre de entidad corporativa o nombre de jurisdicción como elemento de entrada República Dominicana.
Unidad subordinada Ministerio de Economía, Planificación y Desarrollo
9 (RLIN) 66142
910 ## - DATOS DE OPCIÓN DEL USUARIO (OCLC)
Datos de opción del usuario Validado. Control de calidad. MFF
Holdings
Estado de retiro Estado de pérdida Restricciones de uso No para préstamo Código de colección Localización permanente Ubicación/localización actual Ubicación en estantería Fecha de adquisición Número de inventario Total de préstamos Signatura topográfica completa Código de barras Fecha visto por última vez Precio válido a partir de Tipo de ítem Koha
        Patrimonio Dominicano General General Depósito 12.04.2013 LF1   v. 1, e. 3 38538-40 25.06.2020 25.06.2020 Libro y Folleto Colección Patrimonio Dominicano
        Patrimonio Dominicano General General Depósito 21.05.2013 LF1   v. 2, e. 3 38538-70 25.06.2020 25.06.2020 Libro y Folleto Colección Patrimonio Dominicano
        Patrimonio Dominicano General General Depósito 07.06.2018 LF1   v. 2, e. 4 38538-80 25.06.2020 25.06.2020 Libro y Folleto Colección Patrimonio Dominicano
      Excluido de préstamo Patrimonio Dominicano Patrimonio Dominicano Patrimonio Dominicano Depósito 12.04.2013 LF1   338.97293 P965e 38538-10 25.06.2020 25.06.2020 Libro y Folleto Colección Patrimonio Dominicano
      Excluido de préstamo Patrimonio Dominicano Patrimonio Dominicano Patrimonio Dominicano Depósito 12.04.2013 LF1   v. 1 38538-20 25.06.2020 25.06.2020 Libro y Folleto Colección Patrimonio Dominicano
      Excluido de préstamo Patrimonio Dominicano Patrimonio Dominicano Patrimonio Dominicano Depósito 12.04.2013 LF1   v. 1, e. 2 38538-30 25.06.2020 25.06.2020 Libro y Folleto Colección Patrimonio Dominicano
      Excluido de préstamo Patrimonio Dominicano Patrimonio Dominicano Patrimonio Dominicano Depósito 12.04.2013 LF1   v. 2 38538-50 25.06.2020 25.06.2020 Libro y Folleto Colección Patrimonio Dominicano
      Excluido de préstamo Patrimonio Dominicano Patrimonio Dominicano Patrimonio Dominicano Depósito 12.04.2013 LF1   v. 2, e. 2 38538-60 25.06.2020 25.06.2020 Libro y Folleto Colección Patrimonio Dominicano

Powered by Koha